000 00596nam a2200205Ia 4500
005 20250508165512.0
008 008 250505s9999 xx 000 0 eng d
020 _a978-0-415-52353-0
037 _aReference
040 _aFEDL
_beng
_cFEDL
041 _aeng
_2eng
084 _a305.420 954, FER/RR
_qFEDL
100 _aFernandes Leela Ed.
_9452075
245 0 _aRoutledge handbook of gender in South Asia
260 _aLondon, UK
_bRoutledge
_c2014
300 _axii, 360p.
365 _aGBP
_b140
942 _cREF
_h305.420 954, FER/RR
999 _c1395485
_d1395485